Statistics for Countries that Never had Railways

Click here to take the quiz!

General Stats

  • This quiz has been taken 46 times
  • The average score is 5 of 11

Answer Stats

ContinentCountry% Correct
EuropeAndorra
63%
AsiaMaldives
59%
AfricaSeychelles
59%
AsiaBhutan
54%
OceaniaTuvalu
54%
OceaniaMarshall Islands
51%
North AmericaSaint Vincent and the Grenadines
37%
AsiaEast Timor
34%
AsiaBahrain
29%
AsiaKuwait
27%
AfricaChad
15%

Score Distribution

Percentile by Number Answered

Percent of People with Each Score

Your Score History

You have not taken this quiz